Minerały A-Z - Statystyki

Ogólne statystyki
  • Ten quiz został rozwiązany 154 razy
  • Średni wynik to 9 z 21
Statystyki odpowiedzi
Litera Minerał % Poprawnych
A Agat/Akwamaryn/Amazonit/Ametryn/Ametyst/Angelit/Apatyt/Aragonit/Awenturyn/Azuryt
88%
B Baryt/Bawole Oko/Bizmut/Bursztyn
66%
D Diament/Dumortieryt
66%
K Kalcyt/Kamień księżycowy/Kamień słoneczny/Karneol/Kopal/Koral/Krwawnik/Kryształ fantomowy/Kryształ górski/Krzem/Kwarc/Kyanit
66%
O Obsydian/Onyks/Opal
66%
S Sardonyks/Selenit/Septaria/Serafinit/Serpentynit/Sfaleryt/Skapolit/Skolecyt/Skutterudyt/Sodalit/Spessartyn/Staffelit/Staurolit/Stichtyt/Szafir/Szmaragd/Szungit/Skałka opalowa
66%
R Rodochrozyt/Rodonit/Roselit/Rubin
57%
C Celestyn/Chalcedon/Chryzokola/Chryzopraz/Cynkit/Cynober/Cytryn/Czaroit
51%
J Jadeit/Jaspis
50%
T Talk/Tanzanit/Tektyt/Telmessyt/Topas/Turkus/Turmalin arbuzowy/Turmalin czarny/Tygrysie oko/Tytanit
49%
F Fluoryt/Fuchsyt
42%
M Magnetyt/Malachit/Markasyt/Mezolit/Miedź/Mimetyt/Mokait/Morganit
41%
P Perła/Perydot/Pietersyt/Pimelit/Piroluzyt/Piromorfit/Piryt/Prehnit
40%
L Labladoryt/Larimar/Lazuryt/Lepidolit/Lizardyd
38%
H Halit/Hematyt/Hemimorfit/Heulandyt
31%
G Geothyt/Granat
21%
N Nefryt/Noc Kairu
15%
U Uleksyt/Unakit
11%
W Walentynit/Wanadynit/Wollastonit/Wulfenit
9%
E Epidot/Eudialit
8%
I Ixiolit
0%
Nie znaleziono quizów pasujących do podanych kryteriów
Rozkład punktacji
Procent ludzi z każdym wynikiem
Percentyl według liczby udzielonych odpowiedzi
Twoja historia wyników
Nie rozwiązałeś tego quizu